000 00324 a2200109 4500
001 ART_18416
005 20260410161701.0
008 260409a
245 1 0 _aEl pensamiento económico y la estructura impositiva
100 1 _aCuello, Raúl E.
773 0 _tRevista Impuestos
_g- Nº 1 (ene. 2013)
_wREV639
999 _c15223
_d15223